LIBRARY & INFORMATION CENTRE, KCAET, TAVANUR

ONLINE PUBLIC ACCESS CATALOGUE (OPAC)

Samalokam : | gendarinekkurichoru padapusthakam / (Record no. 18130)

MARC details
000 -LEADER
fixed length control field 00560nam a2200193 4500
003 - CONTROL NUMBER IDENTIFIER
control field OSt
008 - FIXED-LENGTH DATA ELEMENTS--GENERAL INFORMATION
fixed length control field 241005b |||||||| |||| 00| 0 eng d
020 ## - INTERNATIONAL STANDARD BOOK NUMBER
ISBN 9789394753617
041 ## - LANGUAGE CODE
Language code of text/sound track or separate title mal
082 ## - DEWEY DECIMAL CLASSIFICATION NUMBER
Classification number 305.3
Item number THA/SA
245 ## - TITLE STATEMENT
Title Samalokam :
Remainder of title gendarinekkurichoru padapusthakam /
260 ## - PUBLICATION, DISTRIBUTION, ETC. (IMPRINT)
Place of publication Thiruvananthapuram :
Name of publisher Chintha Publishers,
Year of publication 2023.
300 ## - PHYSICAL DESCRIPTION
Number of Pages 216p.
650 ## - SUBJECT ADDED ENTRY--TOPICAL TERM
Topical Term Gender studies
700 ## - ADDED ENTRY--PERSONAL NAME
Personal name Tharu, Susie - editor.
700 ## - ADDED ENTRY--PERSONAL NAME
Personal name Suneetha, A - editor.
700 ## - ADDED ENTRY--PERSONAL NAME
Personal name Bhrugubanda, Uma Maheswari - editor.
942 ## - ADDED ENTRY ELEMENTS (KOHA)
Koha item type Books
Holdings
Withdrawn status Lost status Damaged status Home library Current library Date acquired Source of acquisition Cost, normal purchase price Full call number Accession Number Koha item type
      KAUAET KAUAET 05/10/2024 Donated by KT Jaleel MLA 440.00 305.3 THA/SA 26277 Books
free website counter